P. Otto Canisius Farrenkopf S. J. / Felix Löwenstein ; Z něm. přel. D. Tenorová
Record details
- ISBN: 80-85319-00-4
- Physical Description: 35 s. ; 21 cm
- Edition: 1. čes. vyd.
- Publisher: Brno : Cesta, 1990
Search for related items by subject
| Subject: | Farrenkopf, Otto, 1888-1967 |
| Genre: | brožury |
Search for related items by series
Available copies
- 1 of 1 copy available at Common Catalog SPOK.
Holds
- 0 current holds with 1 total copy.
Show Only Available Copies
| Location | Call Number / Copy Notes | Barcode | Shelving Location | Status | Due Date |
|---|---|---|---|---|---|
| KDS Library | 2:929 LöF | 204576803200 | Library | Available | - |
| LDR | 01047nam a2200349 4500 | ||
|---|---|---|---|
| 001 | 22573 | ||
| 003 | CZ-PrJAB | ||
| 005 | 20150723104652.0 | ||
| 007 | tu | ||
| 008 | 910611s1990 xr u0|0 cze | ||
| 015 | . | ‡acnb000062616 | |
| 020 | . | ‡a80-85319-00-4 ‡q(brož.) : ‡c12 Kčs | |
| 035 | . | ‡a(CZ PrNK)ck9104549 | |
| 035 | . | ‡a(OCoLC)39577413 | |
| 040 | . | ‡aABA001 ‡bcze ‡dABA001 | |
| 041 | 1 | . | ‡acze ‡hger |
| 080 | . | ‡a27-051 ‡2undef | |
| 080 | . | ‡a28 ‡2undef | |
| 080 | . | ‡a929Farrenkopf,O. ‡2undef | |
| 100 | 1 | . | ‡aLöwenstein, Felix ‡4aut |
| 245 | 1 | 0. | ‡aP. Otto Canisius Farrenkopf S. J. / ‡cFelix Löwenstein ; Z něm. přel. D. Tenorová |
| 250 | . | ‡a1. čes. vyd. | |
| 260 | . | ‡aBrno : ‡bCesta, ‡c1990 | |
| 300 | . | ‡a35 s. ; ‡c21 cm | |
| 490 | 1 | . | ‡aPřátelé |
| 600 | 1 | 7. | ‡aFarrenkopf, Otto, ‡d1888-1967 ‡7jn20000700509 ‡2czenas |
| 655 | 7. | ‡abrožury ‡7fd131925 ‡2czenas | |
| 700 | 1 | . | ‡aTenorová, D. ‡4trl |
| 830 | 0. | ‡aPřátelé | |
| 910 | . | ‡aABE463 | |
| 964 | . | ‡aFarrenkopf, Otto (kněz jezuitský něm., 1888-1967) - život a činnost - brožury | |
| 998 | . | ‡a000062616 | |
| 901 | . | ‡a22573 ‡b ‡c22573 ‡tbiblio | |